[Event "Monarch Assurance Isle of Man 13th"]
[Site "Port Erin IOM"]
[Date "2004.10.01"]
[Round "7.41"]
[White "Collier, David"]
[Black "Henrichsen, Jens"]
[Result "0-1"]
[WhiteElo "2168"]
[BlackElo "2084"]
[PlyCount "88"]
[EventDate "2004.09.25"]
[EventType "swiss"]
[EventRounds "9"]
[EventCountry "IOM"]
[SourceTitle "BritBase"]
[SourceDate "2008.07.14"]
[SourceVersion "1"]
[SourceVersionDate "2008.07.14"]
[SourceQuality "2"]

1. d4 Nf6 2. c4 e6 3. Nc3 Bb4 4. e3 c5 5. Nf3 Nc6 6. Bd3 Bxc3+ 7. bxc3 d6 8.
O-O e5 9. e4 h6 10. d5 Ne7 11. Ne1 b6 12. a3 g5 13. Ra2 Ng6 14. f3 Qe7 15. g3
Bh3 16. Rff2 Kd8 17. Bf1 Bd7 18. Bg2 Kc7 19. Qd3 a5 20. Rab2 Rab8 21. Nc2 Kb7
22. Ne3 Ka7 23. Qf1 Ne8 24. Nf5 Qd8 25. f4 gxf4 26. gxf4 Bxf5 27. exf5 Nxf4 28.
Bxf4 exf4 29. Rxf4 Nf6 30. Re2 Qd7 31. Rh4 Rbe8 32. Be4 Rhg8+ 33. Kh1 h5 34.
Bd3 Rxe2 35. Bxe2 Qe7 36. Qf3 Rg5 37. Qd3 Ng4 38. Qf3 Qe4 39. Rxg4 Rxg4 40.
Qxe4 Rxe4 41. Bxh5 f6 42. Kg2 Rxc4 43. Bf7 b5 44. Be6 b4 0-1

[Event "Monarch Assurance Isle of Man 13th"]
[Site "Port Erin IOM"]
[Date "2004.10.01"]
[Round "7.42"]
[White "Werner, Gert"]
[Black "Almond, Richard J"]
[Result "0-1"]
[WhiteElo "2085"]
[BlackElo "2158"]
[PlyCount "84"]
[EventDate "2004.09.25"]
[EventType "swiss"]
[EventRounds "9"]
[EventCountry "IOM"]
[SourceTitle "BritBase"]
[SourceDate "2008.07.14"]
[SourceVersion "1"]
[SourceVersionDate "2008.07.14"]
[SourceQuality "2"]

1. Nf3 f5 2. g3 g6 3. Bg2 Bg7 4. d4 Nf6 5. c4 O-O 6. Nc3 d6 7. O-O Nc6 8. e3 e6
9. a3 a5 10. Rb1 Qe7 11. b4 axb4 12. axb4 Ne4 13. Nxe4 fxe4 14. Nd2 d5 15. Qb3
Rd8 16. cxd5 exd5 17. Bxe4 Qf7 18. Bg2 Bf5 19. Rb2 Bf8 20. Nf3 Bxb4 21. Ne5
Nxe5 22. dxe5 c5 23. Ra2 Rxa2 24. Qxa2 Be6 25. Qa7 b5 26. Qb6 Qe8 27. Rd1 c4
28. Qd4 Bf8 29. e4 Bg4 30. f3 Be6 31. Kh1 Rd7 32. Re1 dxe4 33. Qxe4 b4 34. f4
Bd5 35. Qe2 Bxg2+ 36. Kxg2 Qa8+ 37. Kh3 Qc8 38. e6 Rd5 39. g4 Rd3+ 40. Kh4 Be7+
41. g5 Qf8 42. Qe4 Qh6+ 0-1

[Event "Monarch Assurance Isle of Man 13th"]
[Site "Port Erin IOM"]
[Date "2004.10.01"]
[Round "7.43"]
[White "Waugh, Jonathan C"]
[Black "Lutton, J.Ezra"]
[Result "0-1"]
[WhiteElo "1885"]
[BlackElo "2134"]
[PlyCount "62"]
[EventDate "2004.09.25"]
[EventType "swiss"]
[EventRounds "9"]
[EventCountry "IOM"]
[SourceTitle "BritBase"]
[SourceDate "2008.07.14"]
[SourceVersion "1"]
[SourceVersionDate "2008.07.14"]
[SourceQuality "2"]

1. e4 Nc6 2. Nf3 f5 3. e5 d6 4. Bb5 dxe5 5. Nxe5 Qd5 6. Bxc6+ bxc6 7. Qh5+ g6
8. Qe2 Qxg2 9. Rf1 Bg7 10. d4 f4 11. Bxf4 Bh3 12. Nc3 Qxf1+ 13. Qxf1 Bxf1 14.
Kxf1 Bxe5 15. dxe5 e6 16. Ne4 Ne7 17. Bg5 h6 18. Bf6 Rg8 19. c4 Kf7 20. Rc1
Rgd8 21. Rc3 Rd4 22. f3 Rb8 23. b3 g5 24. Bxe7 Kxe7 25. Ke2 Rf8 26. Re3 Rfd8
27. Kf2 Rd1 28. Kg3 Rg1+ 29. Kf2 Rdd1 30. Re2 Rdf1+ 31. Ke3 Re1 0-1

[Event "Monarch Assurance Isle of Man 13th"]
[Site "Port Erin IOM"]
[Date "2004.10.01"]
[Round "7.44"]
[White "Pimmingstorfer, Christian"]
[Black "Bennion, David A"]
[Result "0-1"]
[WhiteElo "2116"]
[BlackElo "2052"]
[PlyCount "60"]
[EventDate "2004.09.25"]
[EventType "swiss"]
[EventRounds "9"]
[EventCountry "IOM"]
[SourceTitle "BritBase"]
[SourceDate "2008.07.14"]
[SourceVersion "1"]
[SourceVersionDate "2008.07.14"]
[SourceQuality "2"]

1. f4 e5 2. fxe5 d6 3. exd6 Bxd6 4. Nf3 g5 5. g3 g4 6. Nh4 Be7 7. Ng2 h5 8. d4
Nc6 9. c3 h4 10. Bf4 Nf6 11. Qd3 Nh5 12. Rg1 h3 13. Ne3 Nxf4 14. gxf4 Bh4+ 15.
Kd1 Bf2 16. Rxg4 Bxg4 17. Nxg4 Bg1 18. e4 Qh4 19. Be2 O-O-O 20. Nd2 Rhg8 21.
Qf3 Bxd4 22. Kc2 Kb8 23. a4 Rg6 24. Nb3 Rdg8 25. Nxd4 Nxd4+ 26. cxd4 Rxg4 27.
Ra3 Rg2 28. Kb1 Qe1+ 29. Bd1 Rxh2 30. Ka2 Rd2 0-1

[Event "Monarch Assurance Isle of Man 13th"]
[Site "Port Erin IOM"]
[Date "2004.10.01"]
[Round "7.45"]
[White "Truman, Richard G"]
[Black "Pym, Thomas"]
[Result "0-1"]
[WhiteElo "2023"]
[BlackElo "2059"]
[PlyCount "82"]
[EventDate "2004.09.25"]
[EventType "swiss"]
[EventRounds "9"]
[EventCountry "IOM"]
[SourceTitle "BritBase"]
[SourceDate "2008.07.14"]
[SourceVersion "1"]
[SourceVersionDate "2008.07.14"]
[SourceQuality "2"]

1. d4 Nf6 2. c4 c5 3. d5 b5 4. Nf3 d6 5. cxb5 a6 6. e3 g6 7. Nc3 Bg7 8. a4 O-O
9. Be2 axb5 10. Bxb5 Bd7 11. Bc4 Na6 12. O-O Qb6 13. Ra3 Bg4 14. h3 Bxf3 15.
Qxf3 Nd7 16. Qe2 Ne5 17. a5 Qb7 18. Rb3 Nb4 19. a6 Qb6 20. Bb5 Rfd8 21. f4 Nd7
22. Bc4 Nb8 23. e4 N8xa6 24. f5 Nb8 25. Bg5 Bd4+ 26. Kh1 f6 27. fxg6 hxg6 28.
Bf4 Nd7 29. Qg4 Kg7 30. Ne2 Ne5 31. Bxe5 Bxe5 32. Nf4 Bxf4 33. Rxf4 Rh8 34. Qe6
Qd8 35. Rg3 Rh6 36. e5 dxe5 37. d6 exf4 38. Qf7+ Kh8 39. Rxg6 Rh7 40. Qe6 exd6
41. Rxf6 Qe7 0-1

[Event "Monarch Assurance Isle of Man 13th"]
[Site "Port Erin IOM"]
[Date "2004.10.01"]
[Round "7.46"]
[White "Fairbairn, Stephen"]
[Black "Gorka, Carl"]
[Result "1/2-1/2"]
[WhiteElo "2057"]
[BlackElo "1882"]
[PlyCount "111"]
[EventDate "2004.09.25"]
[EventType "swiss"]
[EventRounds "9"]
[EventCountry "IOM"]
[SourceTitle "BritBase"]
[SourceDate "2008.07.14"]
[SourceVersion "1"]
[SourceVersionDate "2008.07.14"]
[SourceQuality "2"]

1. c4 e6 2. Nc3 d5 3. d4 Nf6 4. cxd5 exd5 5. Bg5 Bb4 6. Qb3 Nc6 7. e3 Be6 8.
Bb5 Be7 9. Nf3 O-O 10. O-O h6 11. Bh4 Ne4 12. Bxe7 Nxe7 13. Bd3 b6 14. Qc2 Nd6
15. Nb5 c6 16. Nxd6 Qxd6 17. Rac1 Rfc8 18. Qd2 c5 19. dxc5 bxc5 20. h3 Qb6 21.
b3 a5 22. Bc2 Rc7 23. Rcd1 Bd7 24. Ne5 Be8 25. Qd3 g6 26. Qe2 Qe6 27. Nd3 Bb5
28. Qf3 Bxd3 29. Bxd3 a4 30. Rd2 axb3 31. axb3 Ra3 32. Qd1 Qe5 33. Qc2 Rb7 34.
Qxc5 Rbxb3 35. Rfd1 Rc3 36. Qb6 Rab3 37. Qd8+ Kg7 38. Be2 Rc8 39. Qa5 Rbc3 40.
Qa1 f6 41. Bf3 R8c5 42. Qa7 Kf8 43. Bxd5 Nxd5 44. Qa8+ Kf7 45. Rxd5 Rxd5 46.
Qxd5+ Qxd5 47. Rxd5 f5 48. Rd6 h5 49. h4 Rc2 50. g3 Ra2 51. Kg2 Rb2 52. Ra6 Rc2
53. Kf3 Rb2 54. Ra7+ Kf6 55. Ra6+ Kf7 56. Ra7+ 1/2-1/2

[Event "Monarch Assurance Isle of Man 13th"]
[Site "Port Erin IOM"]
[Date "2004.10.01"]
[Round "7.47"]
[White "Dossett, Christopher"]
[Black "Webster, Richard J"]
[Result "1/2-1/2"]
[WhiteElo "1886"]
[BlackElo "2008"]
[PlyCount "47"]
[EventDate "2004.09.25"]
[EventType "swiss"]
[EventRounds "9"]
[EventCountry "IOM"]
[SourceTitle "BritBase"]
[SourceDate "2008.07.14"]
[SourceVersion "1"]
[SourceVersionDate "2008.07.14"]
[SourceQuality "2"]

1. Nf3 Nf6 2. g3 b6 3. Bg2 Bb7 4. O-O e6 5. d3 d5 6. Nbd2 Be7 7. c4 Nbd7 8.
cxd5 Nxd5 9. Nc4 O-O 10. a3 c6 11. Qc2 Rc8 12. Rd1 N7f6 13. e4 Nc7 14. d4 h6
15. Bf4 Nce8 16. Rac1 Nh7 17. h4 Nd6 18. Ne3 Qe8 19. Nh2 Nb5 20. Neg4 f6 21.
Bh3 Kh8 22. Nxh6 Rd8 23. d5 cxd5 24. exd5 1/2-1/2

[Event "Monarch Assurance Isle of Man 13th"]
[Site "Port Erin IOM"]
[Date "2004.10.01"]
[Round "7.48"]
[White "De Lagontrie, Jean"]
[Black "Marks, Ian A"]
[Result "0-1"]
[WhiteElo "1968"]
[BlackElo "1910"]
[PlyCount "82"]
[EventDate "2004.09.25"]
[EventType "swiss"]
[EventRounds "9"]
[EventCountry "IOM"]
[SourceTitle "BritBase"]
[SourceDate "2008.07.14"]
[SourceVersion "1"]
[SourceVersionDate "2008.07.14"]
[SourceQuality "2"]

1. d4 Nf6 2. c4 c5 3. d5 b5 4. Nf3 Bb7 5. a4 Qa5+ 6. Bd2 b4 7. Qc2 g6 8. e4 d6
9. Bd3 Nbd7 10. h3 Bg7 11. O-O O-O 12. Be3 e5 13. dxe6 fxe6 14. Nbd2 Rae8 15.
Rfe1 Qc7 16. Rad1 Nb8 17. b3 Nc6 18. Nf1 e5 19. Bg5 Nh5 20. N1h2 Bc8 21. Bf1
Nd4 22. Nxd4 exd4 23. g3 Be6 24. Bg2 Qd7 25. Rd3 h6 26. Bc1 g5 27. Rf1 Nf6 28.
g4 Qe7 29. f4 gxf4 30. Bxf4 Nd7 31. Qd2 Kh7 32. Rg3 Rxf4 33. Rxf4 Be5 34. Rgf3
Bxf4 35. Rxf4 Rf8 36. e5 Nxe5 37. Be4+ Kg7 38. Bf5 Bxf5 39. gxf5 Qg5+ 40. Qg2
Qxg2+ 41. Kxg2 Ng6 0-1

[Event "Monarch Assurance Isle of Man 13th"]
[Site "Port Erin IOM"]
[Date "2004.10.02"]
[Round "8.3"]
[White "Baklan, Vladimir"]
[Black "Moiseenko, Alexander"]
[Result "1/2-1/2"]
[WhiteElo "2595"]
[BlackElo "2640"]
[PlyCount "40"]
[EventDate "2004.09.25"]
[EventType "swiss"]
[EventRounds "9"]
[EventCountry "IOM"]
[SourceTitle "BritBase"]
[SourceDate "2008.07.14"]
[SourceVersion "1"]
[SourceVersionDate "2008.07.14"]
[SourceQuality "2"]

1. e4 c5 2. Nf3 Nc6 3. c3 Nf6 4. e5 Nd5 5. d4 cxd4 6. Bc4 e6 7. cxd4 d6 8. O-O
Be7 9. Qe2 O-O 10. Rd1 Na5 11. Bxd5 exd5 12. Nc3 Be6 13. Bf4 Nc6 14. exd6 Bxd6
15. Bxd6 Qxd6 16. Ne5 Rac8 17. Nxc6 Rxc6 18. Rac1 Rfc8 19. Qd2 h6 20. Ne2 Bf5
1/2-1/2

[Event "Monarch Assurance Isle of Man 13th"]
[Site "Port Erin IOM"]
[Date "2004.10.02"]
[Round "8.5"]
[White "Pavlovic, Milos"]
[Black "Zhang Zhong"]
[Result "0-1"]
[WhiteElo "2498"]
[BlackElo "2603"]
[PlyCount "70"]
[EventDate "2004.09.25"]
[EventType "swiss"]
[EventRounds "9"]
[EventCountry "IOM"]
[SourceTitle "BritBase"]
[SourceDate "2008.07.14"]
[SourceVersion "1"]
[SourceVersionDate "2008.07.14"]
[SourceQuality "2"]

1. Nf3 Nf6 2. g3 d5 3. Bg2 e6 4. O-O Be7 5. c4 d4 6. e3 c5 7. exd4 cxd4 8. d3
Nc6 9. Re1 O-O 10. Na3 Re8 11. Nc2 a5 12. b3 Bf8 13. Bg5 h6 14. Bxf6 Qxf6 15.
a3 Bd7 16. Rb1 Rab8 17. b4 axb4 18. Nxb4 Qd8 19. h4 Qc7 20. Qe2 Red8 21. Rb3
Ra8 22. Reb1 Na5 23. R3b2 Be8 24. Nc2 Bc5 25. Qe4 Qd6 26. Qe2 Nxc4 27. Rxb7 Bc6
28. Nce1 Bxb7 29. Rxb7 Na5 30. Rxf7 Kxf7 31. Ne5+ Kg8 32. Qh5 Qf8 33. Be4 Rd5
34. N1f3 Qf6 35. g4 Rf8 0-1

[Event "Monarch Assurance Isle of Man 13th"]
[Site "Port Erin IOM"]
[Date "2004.10.02"]
[Round "8.6"]
[White "Ghaem Maghami, Ehsan"]
[Black "Conquest, Stuart"]
[Result "1-0"]
[WhiteElo "2552"]
[BlackElo "2488"]
[PlyCount "105"]
[EventDate "2004.09.25"]
[EventType "swiss"]
[EventRounds "9"]
[EventCountry "IOM"]
[SourceTitle "BritBase"]
[SourceDate "2008.07.14"]
[SourceVersion "1"]
[SourceVersionDate "2008.07.14"]
[SourceQuality "2"]

1. e4 d6 2. d4 Nf6 3. Nc3 g6 4. Nf3 Bg7 5. Be2 O-O 6. O-O c6 7. h3 Qc7 8. Bf4
Nh5 9. Bh2 e5 10. Qd2 Nd7 11. Rad1 h6 12. Rfe1 Re8 13. a3 Nb6 14. Qe3 Be6 15.
g4 Nf4 16. Bxf4 exf4 17. Qxf4 Rad8 18. Qg3 Nc4 19. Bxc4 Bxc4 20. e5 dxe5 21.
dxe5 Rxd1 22. Rxd1 Bxe5 23. Nxe5 Qxe5 24. Qxe5 Rxe5 25. f3 Kg7 26. Kf2 Re7 27.
h4 Be6 28. Rd6 Re8 29. Rd2 Re7 30. Ne2 Kf6 31. Ng3 Bd5 32. b3 Kg7 33. Ne2 Be6
34. Nf4 Bd7 35. Rd6 Bc8 36. Rd8 Bd7 37. Ra8 a6 38. Rb8 Be8 39. Nd3 a5 40. Nc5
b5 41. Ra8 f5 42. g5 hxg5 43. hxg5 f4 44. Rxa5 Bf7 45. Nd3 Re3 46. a4 b4 47.
Nxb4 Rc3 48. Ke1 Re3+ 49. Kd2 Rxf3 50. Nd3 Bd5 51. Rc5 Rf1 52. a5 f3 53. Ke3
1-0

[Event "Monarch Assurance Isle of Man 13th"]
[Site "Port Erin IOM"]
[Date "2004.10.02"]
[Round "8.8"]
[White "Agrest, Evgenij"]
[Black "Schneider, Dmitry"]
[Result "1-0"]
[WhiteElo "2602"]
[BlackElo "2454"]
[PlyCount "67"]
[EventDate "2004.09.25"]
[EventType "swiss"]
[EventRounds "9"]
[EventCountry "IOM"]
[SourceTitle "BritBase"]
[SourceDate "2008.07.14"]
[SourceVersion "1"]
[SourceVersionDate "2008.07.14"]
[SourceQuality "2"]

1. Nf3 d5 2. d4 c6 3. c4 e6 4. Qb3 Nf6 5. Bg5 Nbd7 6. e3 Qa5+ 7. Nc3 Ne4 8.
cxd5 Nxg5 9. Nxg5 exd5 10. Bd3 Qd8 11. f4 h6 12. Nf3 Bd6 13. O-O O-O 14. Rae1
Re8 15. Ne5 Qb6 16. Qc2 Nf8 17. Qe2 Re7 18. Kh1 Bd7 19. Qf2 f6 20. Nxd7 Rxd7
21. e4 dxe4 22. Rxe4 Rad8 23. Qe2 f5 24. Re3 Qxd4 25. Bxf5 Rf7 26. Rd3 Qf6 27.
Ne4 Qxf5 28. Nxd6 Qe6 29. Qd1 Rfd7 30. f5 Qf6 31. Qb3+ Kh7 32. Ne4 Qe5 33. Ng5+
Kh8 34. Rxd7 1-0

[Event "Monarch Assurance Isle of Man 13th"]
[Site "Port Erin IOM"]
[Date "2004.10.02"]
[Round "8.9"]
[White "Rogers, Ian"]
[Black "Sprenger, Jan Michael"]
[Result "1-0"]
[WhiteElo "2588"]
[BlackElo "2477"]
[PlyCount "121"]
[EventDate "2004.09.25"]
[EventType "swiss"]
[EventRounds "9"]
[EventCountry "IOM"]
[SourceTitle "BritBase"]
[SourceDate "2008.07.14"]
[SourceVersion "1"]
[SourceVersionDate "2008.07.14"]
[SourceQuality "2"]

1. e4 c5 2. Nf3 Nc6 3. d4 cxd4 4. Nxd4 Nf6 5. Nc3 e5 6. Ndb5 d6 7. Bg5 a6 8.
Na3 b5 9. Bxf6 gxf6 10. Nd5 f5 11. Bd3 Be6 12. Qh5 Rg8 13. g3 Rg5 14. Qd1 Bxd5
15. exd5 Ne7 16. c3 Bh6 {(=)} 17. Be2 Rc8 18. Nc2 Rc5 19. Nb4 a5 20. Na6 Rxd5
21. Bxb5+ Kf8 22. Qb3 e4 23. Bc4 Re5 24. Qb8 Qxb8 25. Nxb8 Ke8 26. Rd1 Rg6 27.
a4 Kd8 28. Bxf7 Rf6 29. Bc4 Kc8 30. Na6 f4 31. gxf4 Bxf4 32. b4 e3 33. f3 Bg5
34. Be2 Bh4+ 35. Kf1 Bf2 36. bxa5 Rxa5 37. Rb1 Rg5 38. Bc4 Ng6 39. Rb8+ Kd7 40.
Rb7+ Kc8 41. Rg7 Bh4 42. Be2 Rd5 43. Rg1 Rd2 44. Rg4 Rb2 45. Rb4 Rxb4 46. Nxb4
Ne5 47. Nd5 Rf7 48. Rxf7 Nxf7 49. Nxe3 Bd8 50. f4 Ba5 51. Nd5 Kd7 52. c4 Kc6
53. Bh5 Nd8 54. Ke2 Ne6 55. Bf7 Nd4+ 56. Kd3 Kc5 57. Bh5 Nc6 58. Be8 Nd4 59.
Bd7 Nf3 60. Bb5 Bd8 61. f5 1-0

[Event "Monarch Assurance Isle of Man 13th"]
[Site "Port Erin IOM"]
[Date "2004.10.02"]
[Round "8.11"]
[White "Gallagher, Joseph"]
[Black "Bosboom-Lanchava, T."]
[Result "1-0"]
[WhiteElo "2541"]
[BlackElo "2370"]
[PlyCount "80"]
[EventDate "2004.09.25"]
[EventType "swiss"]
[EventRounds "9"]
[EventCountry "IOM"]
[SourceTitle "BritBase"]
[SourceDate "2008.07.14"]
[SourceVersion "1"]
[SourceVersionDate "2008.07.14"]
[SourceQuality "2"]

1. e4 d6 2. d4 Nf6 3. f3 c5 4. c3 Nc6 5. Be3 Qb6 {(=)} 6. Qd2 e6 7. Nh3 d5 8.
e5 Nd7 9. Be2 cxd4 10. cxd4 Ndxe5 11. dxe5 d4 12. Bf2 Bb4 13. Nc3 dxc3 14. bxc3
Bc5 15. O-O O-O 16. f4 Ne7 17. Rab1 Bxf2+ 18. Nxf2 Qc5 19. Rfd1 Nf5 20. Rb4 a6
21. a4 Ne3 22. Rc1 Nd5 23. Rd4 f6 24. exf6 Nxf6 25. Bf3 Rb8 26. Nd3 Qa7 27. Ne5
Bd7 28. Kh1 Be8 29. Qa2 Bf7 30. Nxf7 Rxf7 31. Qxe6 Re8 32. Qc4 Qb8 33. Rb1 Qc7
34. h3 b6 35. Qxc7 Rxc7 36. Rxb6 Re1+ 37. Kh2 Rxc3 38. Rxa6 Rf1 39. Be2 Rfc1
40. Ra7 Kf8 1-0

[Event "Monarch Assurance Isle of Man 13th"]
[Site "Port Erin IOM"]
[Date "2004.10.02"]
[Round "8.12"]
[White "Milov, Vadim"]
[Black "Peek, Marcel"]
[Result "1/2-1/2"]
[WhiteElo "2683"]
[BlackElo "2406"]
[PlyCount "211"]
[EventDate "2004.09.25"]
[EventType "swiss"]
[EventRounds "9"]
[EventCountry "IOM"]
[SourceTitle "BritBase"]
[SourceDate "2008.07.14"]
[SourceVersion "1"]
[SourceVersionDate "2008.07.14"]
[SourceQuality "2"]

1. d4 d5 2. c4 Nc6 3. Nf3 Bg4 4. Nc3 e6 5. Bg5 Be7 6. Bxe7 Ngxe7 7. e3 O-O 8.
Bd3 Ng6 9. cxd5 exd5 10. h3 Bxf3 11. Qxf3 Nb4 12. Bxg6 hxg6 13. O-O-O c6 14. h4
Qf6 15. Qe2 Rfe8 16. Rh3 Rad8 17. h5 g5 18. a3 Na6 19. Qg4 Nc7 20. Rf3 Qh6 21.
Rf5 f6 22. Qe2 Re7 23. g4 Ne8 24. Rf3 Nd6 25. Qc2 Ne4 26. Rg1 Qh7 27. Nxe4 Qxe4
28. Rf5 Qxc2+ 29. Kxc2 Kf7 30. Kd3 Rde8 31. b4 a6 32. a4 g6 33. hxg6+ Kxg6 34.
Rf3 Rh7 35. Rc1 Ra8 36. Rg3 Rh2 37. Ke2 Kf7 38. Rgg1 Ke6 39. Rc2 Kd6 40. Rb1
Rah8 41. Rg1 Rh1 42. Rcc1 R1h2 43. Ra1 Ra8 44. Ra2 Rh4 45. Raa1 Rh2 46. Kf3
Rh3+ 47. Kg2 Rh4 48. Kg3 Rh7 49. Rab1 Rah8 50. b5 Rh3+ 51. Kg2 Rh2+ 52. Kf3
R2h3+ 53. Ke2 axb5 54. axb5 Ra8 55. Rb2 Ra5 56. bxc6 bxc6 57. Rc1 Ra6 58. Rc3
Rh4 59. Kf3 Rh3+ 60. Kg2 Rh4 61. Kg3 Rh7 62. Rb8 Raa7 63. Rcb3 Rac7 64. Rb1
Rce7 65. R8b6 Rh8 66. Ra6 Rc7 67. Rc1 Rhh7 68. Ra5 Rh8 69. Rac5 Rhh7 70. R5c3
Rh8 71. Ra3 Rhh7 72. Ra6 Rh8 73. Rc5 Rb8 74. Ra1 Rh8 75. Rb1 Rhh7 76. Rbc1 Rhe7
77. Rh1 Rh7 78. Rh5 Rce7 79. Rc1 Rc7 80. Rch1 Rhf7 81. Rh6 c5 82. dxc5+ Rxc5
83. Rd1 Ke5 84. Rh8 Ke6 85. Ra1 Rc6 86. Raa8 Rd6 87. Ra4 Rfd7 88. Rd4 Rc6 89.
Rh1 Rc4 90. Rd3 Ke5 91. Rhd1 Rd6 92. Ra3 Rb4 93. Ra8 Rbb6 94. Rd4 Rd7 95. Ra1
Rc6 96. Rad1 Rdd6 97. R4d2 Rb6 98. Ra2 Rbc6 99. Ra7 Ke6 100. Re1 Rd7 101. Ra8
Kf7 102. Rh8 Ke6 103. Kf3 Kd6 104. Re8 Re7 105. Rd8+ Ke5 106. Ra1 {etc (about
136 moves)} 1/2-1/2

[Event "Monarch Assurance Isle of Man 13th"]
[Site "Port Erin IOM"]
[Date "2004.10.02"]
[Round "8.14"]
[White "Iordachescu, Viorel"]
[Black "Mannion, Stephen"]
[Result "1-0"]
[WhiteElo "2633"]
[BlackElo "2333"]
[PlyCount "71"]
[EventDate "2004.09.25"]
[EventType "swiss"]
[EventRounds "9"]
[EventCountry "IOM"]
[SourceTitle "BritBase"]
[SourceDate "2008.07.14"]
[SourceVersion "1"]
[SourceVersionDate "2008.07.14"]
[SourceQuality "2"]

1. e4 e5 2. Nf3 Nc6 3. Bb5 Bc5 4. O-O Nf6 5. Nxe5 Nxe5 6. d4 a6 7. dxe5 axb5 8.
exf6 Qxf6 9. Nc3 c6 10. Kh1 O-O 11. f4 d6 12. Qf3 b4 13. Ne2 Be6 14. Ng3 Bc4
15. Rd1 Rfe8 16. Nh5 Qh4 17. b3 Bd5 18. Ng3 Be6 19. f5 Bd7 20. Bb2 d5 21. e5
Qg5 22. Rf1 Be3 23. Rae1 d4 24. Ne4 Qh6 25. Qg3 Kh8 26. e6 fxe6 27. f6 Rxa2 28.
Rxe3 Rxb2 29. f7 Rf8 30. Qd6 g6 31. Qxd4+ Qg7 32. Qxd7 Rxf7 33. Qd8+ Qg8 34.
Qd1 Rxf1+ 35. Qxf1 Rxc2 36. Rf3 1-0

[Event "Monarch Assurance Isle of Man 13th"]
[Site "Port Erin IOM"]
[Date "2004.10.02"]
[Round "8.15"]
[White "Grafl, Florian"]
[Black "Kulaots, Kaido"]
[Result "0-1"]
[WhiteElo "2411"]
[BlackElo "2593"]
[PlyCount "148"]
[EventDate "2004.09.25"]
[EventType "swiss"]
[EventRounds "9"]
[EventCountry "IOM"]
[SourceTitle "BritBase"]
[SourceDate "2008.07.14"]
[SourceVersion "1"]
[SourceVersionDate "2008.07.14"]
[SourceQuality "2"]

1. e4 c5 2. Nf3 e6 3. g3 a6 4. Bg2 b5 5. d4 cxd4 6. Nxd4 Bb7 7. O-O Nc6 8. Be3
Ne5 9. Nd2 Nf6 10. a4 b4 11. h3 d5 12. f4 Nc4 13. Nxc4 dxc4 14. e5 Bxg2 15.
Kxg2 Nd5 16. Bg1 g6 17. Qf3 Qd7 18. Rfd1 Rd8 19. Qe4 Be7 20. g4 O-O 21. f5 gxf5
22. gxf5 Kh8 23. Kh2 Bg5 24. Bf2 c3 25. b3 exf5 26. Qxf5 Bf4+ 27. Bg3 Bxg3+ 28.
Kxg3 Qe7 29. Nc6 Rg8+ 30. Kh2 Qh4 31. Qf3 Rc8 32. Rd4 Qh6 33. Rxd5 Rxc6 34.
Rad1 Rcg6 35. Rd8 Qg5 36. Rxg8+ Kxg8 37. Re1 Qd2+ 38. Re2 Qd4 39. Re3 Qd2+ 40.
Re2 Qd1 41. Qf2 a5 42. Re1 Qd5 43. Re2 Kg7 44. Re1 Qe6 45. Re2 Qe7 46. Qd4 Qg5
47. Qf2 h5 48. Re3 h4 49. Kh1 Qd8 50. Kh2 Qe7 51. Re4 Qg5 52. Rxh4 Qxe5+ 53.
Rf4 Qd6 54. Kh1 Qd5+ 55. Kh2 Kg8 56. Rf5 Qd6+ 57. Kh1 Qd7 58. Kh2 Kg7 59. Rf3
Qd6+ 60. Kh1 Qd5 61. Kh2 Qe5+ 62. Rf4 Re6 63. Qh4 Qd6 64. Qg3+ Kf8 65. Qf2 Re4
66. Kg3 f5 67. h4 Kg7 68. Qa7+ Kh6 69. Qf2 Qe5 70. Qf1 Kg6 71. Qa6+ Kh5 72. Qf1
Rxf4 73. Qxf4 Qxf4+ 74. Kxf4 Kxh4 0-1

[Event "Monarch Assurance Isle of Man 13th"]
[Site "Port Erin IOM"]
[Date "2004.10.02"]
[Round "8.17"]
[White "Armbruster, Alexander"]
[Black "Wells, Peter"]
[Result "0-1"]
[WhiteElo "2351"]
[BlackElo "2494"]
[PlyCount "134"]
[EventDate "2004.09.25"]
[EventType "swiss"]
[EventRounds "9"]
[EventCountry "IOM"]
[SourceTitle "BritBase"]
[SourceDate "2008.07.14"]
[SourceVersion "1"]
[SourceVersionDate "2008.07.14"]
[SourceQuality "2"]

1. d4 Nf6 2. Nf3 d5 3. c4 e6 4. Nc3 dxc4 5. e3 a6 6. a4 c5 7. Bxc4 Nc6 8. O-O
Be7 9. Qe2 cxd4 10. Rd1 e5 11. exd4 exd4 12. Nxd4 Nxd4 13. Qe5 Qd6 14. Qxd4
Qxd4 15. Rxd4 Bc5 16. Rd1 O-O 17. Bg5 Be6 18. Bxe6 fxe6 19. Bxf6 gxf6 20. Ne4
Rac8 21. g3 Bb4 22. Rd7 Rf7 23. Rad1 Rc4 24. Rd8+ Kg7 25. Nd6 Bxd6 26. R1xd6
Rxa4 27. Rxe6 Rb4 28. Re2 a5 29. Kg2 a4 30. Ree8 Rc7 31. Rg8+ Kf7 32. Rgf8+ Ke6
33. Rd2 Rc5 34. Re8+ Kf5 35. h3 h5 36. Rf8 Ke6 37. Rh8 Rcb5 38. Re8+ Kf7 39.
Ree2 Re5 40. Rxe5 fxe5 41. Kf3 Ke6 42. h4 b5 43. Ke3 Kf5 44. Rc2 Rb3+ 45. Kd2
b4 46. Kc1 a3 47. bxa3 bxa3 48. Ra2 Ke4 49. Ra1 Kf3 50. Kc2 Rb2+ 51. Kc3 Rxf2
52. Rxa3 Kxg3 53. Ra4 Kf3 54. Ra5 Kf4 55. Ra8 Rh2 56. Rf8+ Ke4 57. Ra8 Rxh4 58.
Kd2 Kf4 59. Rf8+ Ke4 60. Ra8 Rh2+ 61. Kc3 Ke3 62. Kc4 Rh4+ 63. Kd5 e4 64. Ke5
Kf3 65. Rf8+ Ke2 66. Ra8 e3 67. Ra1 Kf2 0-1

[Event "Monarch Assurance Isle of Man 13th"]
[Site "Port Erin IOM"]
[Date "2004.10.02"]
[Round "8.19"]
[White "Arakhamia-Grant, Ketevan"]
[Black "Greet, Andrew"]
[Result "1/2-1/2"]
[WhiteElo "2446"]
[BlackElo "2310"]
[PlyCount "172"]
[EventDate "2004.09.25"]
[EventType "swiss"]
[EventRounds "9"]
[EventCountry "IOM"]
[SourceTitle "BritBase"]
[SourceDate "2008.07.14"]
[SourceVersion "1"]
[SourceVersionDate "2008.07.14"]
[SourceQuality "2"]

1. e4 c5 2. Nf3 Nc6 3. d4 cxd4 4. Nxd4 g6 5. c4 Bg7 6. Be3 Nf6 7. Nc3 Ng4 8.
Qxg4 Nxd4 9. Qd1 Ne6 10. Qd2 Qa5 11. Rc1 b6 12. Bd3 Bb7 13. f4 Nc5 14. Bb1 O-O
15. Bd4 Bxd4 16. Qxd4 d6 17. O-O Ne6 18. Qd3 Qc5+ 19. Kh1 Qd4 20. Qe2 Qg7 21.
Nd5 f6 22. Qe3 Rfc8 23. Qh3 Nf8 24. Rfd1 Rc6 25. a3 Bc8 26. Qf3 Bd7 27. e5 fxe5
28. fxe5 Rac8 29. Nb4 Qxe5 30. Nxc6 Bxc6 31. Qf2 Nd7 32. Re1 Qg5 33. Rc3 Rf8
34. Qe2 Ne5 35. Be4 Bxe4 36. Qxe4 Kg7 37. h3 Rf4 38. Qe2 Qh4 39. Kg1 Rf5 40.
Rd1 Qg5 41. b4 Nd7 42. Re3 Rf7 43. Re1 Kf8 44. Rf3 Nf6 45. Qe6 Qd2 46. Qe3
Qxe3+ 47. Rfxe3 Ke8 48. g4 g5 49. Kg2 h5 50. gxh5 Nxh5 51. a4 Kd7 52. a5 Nf4+
53. Kh2 bxa5 54. bxa5 Rh7 55. Rg1 Rh5 56. Rb1 Kc6 57. a6 e5 58. Rb7 g4 59. Rxa7
Kb6 60. Ra8 Rxh3+ 61. Rxh3 gxh3 62. Kg3 Ng2 63. Rd8 Kxa6 64. Rxd6+ Ka5 65. Kxh3
Ne3 66. c5 Kb5 67. c6 Kb6 68. Rd3 Nf5 69. Rc3 Kc7 70. Rc5 Nd4 71. Rxe5 Kxc6 72.
Kg4 Kd6 73. Kf4 Ne6+ 74. Kf5 Nd4+ 75. Ke4 Ne6 76. Rd5+ Ke7 77. Ke5 Nd8 78. Rd1
Nf7+ 79. Kd5 Kf6 80. Rf1+ Ke7 81. Ra1 Kf6 82. Ra6+ Ke7 83. Rb6 Nd8 84. Rh6 Nf7
85. Re6+ Kd7 86. Ra6 Ke7 1/2-1/2